| 000 | 01345nam a2200229 a 4500 | ||
|---|---|---|---|
| 001 | 000041255 | ||
| 005 | 20201002034729.0 | ||
| 008 | 130920s2001 sp 001 0 spa d | ||
| 020 | _a8400080017 | ||
| 040 |
_aDO-SdBNP _bspa _cBNPHU |
||
| 100 | 1 |
_aCortés y Larraz, Pedro _d1712-1786 _967855 |
|
| 245 | 1 | 0 |
_aDescripción geográfico-moral de la Diócesis de Goathemala : _bhecha por su arzobispo el Ilmo Sr. Don Pedro Cortés y Larraz del consejo de su majestad en el tiempo que la visitó y fue desde el día 3 de Noviembre de 1768 hasta el día 1 de Julio de 1769, desde el día 22 de Noviembre de 1769 hasta el 9 de Febrero de 1770 y desde el 6 de junio de 1770 hasta el dia 29 de Agosto del 1770 / _cedición de Julio Martín Blasco y Jesús María García Añoveros. |
| 246 | 1 | 0 | _aDescripción geográfico-moral de la Diócesis de Goathemala,1768-1770 |
| 260 |
_aMadrid : _bConsejo Superior de Investigaciones Científicas, _c2001. |
||
| 300 |
_av. ; _c25 cm. |
||
| 490 | 1 |
_aCorpus Hispanorum de pace. _aSegunda serie ; _v9 |
|
| 504 | _aIncluye referencias bibliográficas y notas al pie de las páginas | ||
| 700 | 1 |
_aGarcía Añoveros, Jesús María _915700 |
|
| 700 | 1 |
_aMartín Blasco, Julio _967856 |
|
| 710 | 2 |
_aConsejo Superior de Investigaciones Científicas, _94786 |
|
| 830 | 0 |
_aCorpus Hispanorum de pace. _pSegunda serie _n8 _967857 |
|
| 999 |
_c40745 _d40745 |
||